000 00795nas a2200277 4500
001 BR2012004514
003 BR-BrBNA
005 20231205120742.0
007 ta
008 230509b bl.|||p| |||| 00| 00por d
040 _aBR-BrBNA
_bpor
_cBiblioteca Nacional de Agricultura
041 _a(Pt)
072 _aE16
100 1 _aAguiar, G.A.M.
100 1 _aLima Filho, R.R. de
100 1 _aTorres Júnior, A. de M.
100 1 _aD'Athayde Neto, H.P.
245 1 _aSoja - Índices e resultado econômico
650 _aSOJA
650 _aPRODUÇÃO AGRÍCOLA
650 _aSAFRA
650 _aECONOMIA DA PRODUÇÃO
773 0 _tAgroanalysis (Brazil)
_xISSN 0100-4298
_g(Jan 2012), v. 32(1) p. 15
_wBR2012004514
909 _a202311
_bLúcia
_c55
_dLúcia Elande
942 _2AGRIS
_n0
_cANA
999 _c220128
_d220128